Atlético Madrid Champions League XIs - Statistics

General Stats
  • This quiz has been taken 1,434 times
  • The average score is 28 of 61
Answer Stats
Answer % Correct
Jan Oblak
98%
Antoine Griezmann
97%
Koke
95%
Diego Godín
92%
José María Giménez
85%
Saúl Ñíguez
83%
Thibaut Courtois
83%
Fernando Torres
80%
Diego Costa
79%
Filipe Luís
79%
Juanfran
79%
Luis Suárez
77%
Mario Suárez
76%
Gabi
75%
Álvaro Morata
72%
Yannick Carrasco
72%
Stefan Savić
69%
Marcos Llorente
68%
Diego Forlán
67%
Sergio Agüero
67%
Ángel Correa
64%
Miranda
64%
João Félix
60%
Thomas Lemar
57%
Tiago Mendes
54%
Rodri
52%
Felipe
50%
Rodrigo De Paul
50%
Arda Turan
49%
Kieran Trippier
49%
Renan Lodi
49%
Diego Simeone
48%
Thomas Partey
47%
Lucas Hernández
42%
Raúl García
42%
Mario Mandžukić
40%
José Francisco Molina
39%
Geoffrey Kondogbia
37%
Miguel Ángel Moyà
37%
Maxi Rodríguez
27%
Luis Amaranto Perea
21%
Tomáš Ujfaluši
21%
Sergio Asenjo
18%
Paulo Assunção
16%
Álvaro Domínguez
15%
Kiko
15%
Leo Franco
15%
Milinko Pantić
15%
Maniche
11%
José Manuel Jurado
10%
Simão Sabrosa
10%
Santi
9%
Cléber Santana
8%
Juanito
8%
Roberto Solozábal
8%
Toni
8%
Carlos Aguilera
7%
Delfí Geli
7%
Juan Esnáider
7%
Radek Bejbl
7%
Antonio López Guerrero
6%
No matching quizzes found
Score Distribution
Percent of People with Each Score
Percentile by Number Answered
Your Score History
You have not taken this quiz